000
00325nam a2200109Ia 4500
008
171211s9999 xx 000 0 und d
245
_a
Cult People: Amazing tales from Hollywood's Exploitation A-list
245
_c
Nicanor Loreti
260
_c
2010
650
_x
cinema
856
_u
http://down.ebook777.com/064/1900486741.pdf
999
_c
348725
_d
348725